| 000 | 00759nmm a2200241 a 4500 | ||
|---|---|---|---|
| 003 | AR-BaBNM | ||
| 005 | 20251128210727.0 | ||
| 008 | 161020s[ca. ||||||||||||||000 | spa|| | ||
| 040 | _cAR-BaBNM | ||
| 111 | 2 |
_aConferencia Mundial sobre la Mujer _n4 _cBeijing, China _9sept. _d1995 |
|
| 245 | 1 | 0 | _aDeclaración de Beijing y plataforma para la acción |
| 260 |
_aBuenos Aires _bMinisterio de Relaciones Exteriores, Comercio Internacional y Culto _bMinisterio de Cultura y Educación _c[ca. 1995] |
||
| 300 | 0 | _a256 p. | |
| 650 | 4 | _aMUJERES | |
| 650 | 4 | _aSALUD | |
| 650 | 4 | _aMEDIOS DE COMUNICACION | |
| 650 | 4 | _aEMPLEO DE LAS MUJERES | |
| 650 | 4 | _aDERECHOS HUMANOS | |
| 650 | 4 | _aPOLITICA DE SALUD | |
| 653 | _aGENERO | ||
| 942 | _cBK | ||
| 998 | _cRAQUEL | ||
| 999 |
_c16630 _d16630 |
||